000 00496nam a2200193Ia 4500
008 210210b1956 xxu||||| |||| 00| 0 eng d
082 _a543/170
100 _aPHILBRICK (F A)
245 _aTextbook of theoretical and inorganic chemistry
260 _aLondon
_bJ M Dent & Sons Ltd.
_c1956
300 _a854
650 _atheoretical
650 _aTextbook
650 _ainorganic
650 _achemistry
690 _aInorganic Chemistry
700 _aHOLMYARD (E J)
906 _a009575
999 _c127034
_d127034